Theologia Germanica ; the way to a sinless life.

Bibliographic Details
Uniform Title:Theologia deutsch.
Other Authors: Kepler, Thomas S. (Thomas Samuel), 1897-
Format: Book
Language:English
Published: Cleveland : World Pub. co., [1952]
Subjects:

MARC

Tag First Indicator Second Indicator Subfields
LEADER 00000cam a2200000 4500
001 in00000056392
005 20151007081925.0
008 720801s1952 eng u
010 |a  52005188  
035 |a (OCoLC)00370843 
035 |a AAF7110AM 
040 |c WCW  |d TXA  |d UtOrBLW 
049 |a TXAM  |c [475345] 
050 0 |a BV4834.T47  |b K4 1952 
082 1 |a 242 
092 |a 242  |b T391, 1952 
130 0 |a Theologia deutsch. 
245 1 0 |a Theologia Germanica ;  |b the way to a sinless life. 
264 1 |a Cleveland :  |b World Pub. co.,  |c [1952] 
300 |a 192p. ;  |c 16cm. 
336 |a text  |b txt  |2 rdacontent 
337 |a unmediated  |b n  |2 rdamedia 
338 |a volume  |b nc  |2 rdacarrier 
650 0 |a Mysticism  |z Germany. 
650 0 |a Christian life  |x History  |y Middle Ages, 600-1500. 
700 1 |a Kepler, Thomas S.  |q (Thomas Samuel),  |d 1897- 
999 |a MARS 
999 f f |s d48a6244-7d4e-3846-9481-1a7b8a53b5a6  |i cdf5ff89-fff9-32ad-bbae-bc941a4725d3  |t 0 
952 f f |p ric  |a Texas A&M University  |b Rellis Campus  |c Joint Library Facility  |d Remote Storage  |t 0  |e BV4834.T47 K4 1952  |h Library of Congress classification  |i unmediated -- volume  |m A14830297765 
998 f f |a BV4834.T47 K4 1952  |t 0  |l Remote Storage